[Event "Orange op"]
[Site "Orange"]
[Date "1994.??.??"]
[Round "2"]
[White "Guigon, Olivier"]
[Black "Prie, Eric"]
[Result "0-1"]
[WhiteElo "1910"]
[BlackElo "2475"]
[PlyCount "46"]
[EventDate "1994.??.??"]
[EventType "swiss"]
[EventRounds "9"]
[EventCountry "FRA"]
[SourceTitle "EXT 1999"]
[Source "ChessBase"]
[SourceDate "1998.11.16"]
[SourceVersion "1"]
[SourceVersionDate "1998.11.16"]
[SourceQuality "1"]

1. e4 d5 2. exd5 Qxd5 3. Nc3 Qa5 4. d4 c6 5. Bc4 Bf5 6. Nf3 Nf6 7. Bd2 e6 8. Qe2 Bb4 9. 0-0-0 b5 10. Bb3 Nbd7 11. Ne5 Nxe5 12. dxe5 Nd5 13. Ne4 Bxe4 14. Qxe4 Bxd2+ 15. Rxd2 0-0 16. Rd3 Rfd8 17. Rh3 Nf6 18. Qe2 Nd7 19. f4 Nc5 20. Kb1 g6 21. Qf2 Qd2 22. Qf1 a5 23. c3 Nd3 0-1